| 000 | 00000nam 2200000za 4500 |
| 001 | 9.801066 |
| 003 | CaOODSP |
| 005 | 20221107134728 |
| 007 | cr ||||||||||| |
| 008 | 150601s2015 oncao|||o f10| 0 fre d |
| 020 | |a978-0-660-02439-4 |
| 040 | |aCaOODSP|bfre |
| 043 | |an-cn--- |
| 086 | 1 |aM34-25/2015F-PDF |
| 245 | 00|aMaximiser l'avantage énergétique du Canada |h[ressource électronique] : |bl’efficacité énergétique des industries canadiennes. |
| 260 | |a[Ottawa] : |bRessources naturelles Canada, |cc2015. |
| 300 | |av, 13 p. : |bfigures, graphiques, photographies. |
| 500 | |aConférence des ministres de l’Énergie et des Mines, Halifax (Nouvelle-Écosse), Juillet 2015. |
| 500 | |aPublié aussi en anglais sous le titre : Maximizing Canada’s energy advantage : Canadian industrial energy efficiency. |
| 501 | |aAvec: "Annexe A - Collaboration en matière d’efficacité énergétique industrielle, histoires de réussite" ; "Annexe B - Répertoire des programmes d’efficacité énergétique au Canada". |
| 692 | 07|2gccst|aRendement énergétique |
| 710 | 1 |aCanada. |bRessources naturelles Canada. |
| 775 | 08|tMaximizing Canada's energy advantage |w(CaOODSP)9.801065 |
| 856 | 40|qPDF|s1.84 Mo|uhttps://publications.gc.ca/collections/collection_2015/rncan-nrcan/M34-25-2015-fra.pdf |
| 856 | 40|qPDF|s2.02 Mo|uhttps://publications.gc.ca/collections/collection_2015/rncan-nrcan/M34-25-2015-1-fra.pdf |
| 856 | 40|qPDF|s1.59 Mo|uhttps://publications.gc.ca/collections/collection_2015/rncan-nrcan/M34-25-2015-2-fra.pdf |